Maple Leafs Signings (2020's) - Statistics

General Stats
  • This quiz has been taken 23 times
    2 since last reset
  • The average score is 99 of 153
Answer Stats
Date Position AAV Length Type Age Player Name % Correct
May 14, 2020 C 725k 2 Years EXT 24 Adam Brooks
100%
November 22, 2024 RW, LW, C 775k 1 Year UFA 26 Alexander Nylander
100%
September 28, 2025 G 3.75M 4 Years EXT 31 Anthony Stolarz
100%
July 1, 2024 G 2.5M 2 Years UFA 30 Anthony Stolarz
100%
March 15, 2026 G 900k 3 Years EXT 24 Artur Akhtyamov
100%
Jul. 1, 2023 G 851,667 3 Years ELC 21 Artur Akhtyamov
100%
Aug. 23, 2023 C 13.25M 4 Years EXT 26 Auston Matthews
100%
August 2, 2024 RD 964k 3 Years ELC 18 Ben Danford
100%
July 1, 2025 C 812.5k 2 Years UFA 25 Benoit-Olivier Groulx
100%
April 10, 2025 LD 875k 3 Years ELC 20 Blake Smith
100%
Mar. 13, 2024 RW, LW 1.35M 2 Years EXT 28 Bobby McMann
100%
Apr. 29, 2022 RW, LW 762,500 2 Years UFA 26 Bobby McMann
100%
July 1, 2024 RD 4.5M 6 Years UFA 34 Chris Tanev
100%
September 2, 2025 G 841,667 3 Years RFA 24 Dennis Hildeby
100%
Jul. 13, 2022 G 843,333 3 Years ELC 20 Dennis Hildeby
100%
Aug. 10, 2023 LW, C 904,667 3 Years ELC 18 Easton Cowan
100%
Oct. 13, 2022 C, LW 816,667 3 Years ELC 17 Fraser Minten
100%
Jul. 23, 2023 G 3.55M 1 Year RFA 26 Ilya Samsonov
100%
Jul. 13, 2022 G 1.8M 1 Year UFA 25 Ilya Samsonov
100%
Apr. 1, 2024 C 875k 2 Years ELC 22 Jacob Quillan
100%
October 28, 2024 LD/RD 4.51M 5 Years EXT 31 Jake McCabe
100%
Feb. 24, 2020 LD 5.625M 4 Years EXT 31 Jake Muzzin
100%
Jun. 16, 2021 C, RW 750k 1 Year EXT 38 Jason Spezza
100%
Oct. 5, 2020 C, RW 700k 1 Year EXT 37 Jason Spezza
100%
Oct. 16, 2020 C, LW 700k 1 Year UFA 40 Joe Thornton
100%
Jul. 1, 2023 RD 4.15M 1 Year UFA 30 John Klingberg
100%
June 27, 2025 C 4,388,420 4 Years EXT 34 John Tavares
100%
July 1, 2024 G 3.66M 3 Years EXT 26 Joseph Woll
100%
Feb. 11, 2022 G 766,667 3 Years EXT 23 Joseph Woll
100%
Jul. 17, 2021 G 750k 1 Year EXT 22 Joseph Woll
100%
April 14, 2026 C 955k 2 Years ELC 21 Landon Sim
100%
September 5, 2024 LD 775k 2 Years EXT 26 Marshall Rifai
100%
Jul. 1, 2023 LD 775k 2 Years UFA 25 Marshall Rifai
100%
Jan. 10, 2020 LD 700k 1 Year EXT 28 Martin Marincin
100%
June 29, 2025 LW 7.75M 6 Years EXT 22 Matthew Knies
100%
Apr. 9, 2023 LW, RW 925k 3 Years ELC 19 Matthew Knies
100%
July 1, 2024 G 875k 1 Year UFA 30 Matt Murray
100%
June 30, 2024 C, RW 3.75M 4 Years EXT 29 Max Domi
100%
Jul. 2, 2023 C, RW 3M 1 Year UFA 28 Max Domi
100%
October 7, 2024 LW 873,770* 1 Year UFA 35 Max Pacioretty
100%
July 1, 2025 LW, C 812.5k 2 Years UFA 27 Michael Pezzetta
100%
June 30, 2025 RW 12M 8 Years EXT 28 Mitch Marner
100%
Oct. 29, 2021 LD 7.5M 8 Years EXT 28 Morgan Rielly
100%
September 10, 2024 LW 875k 1 Year RFA 23 Nicholas Robertson
100%
August 2, 2025 LW, RW 1.825M 1 Year RFA 23 Nick Robertson
100%
July 1, 2024 LD 3.5M 4 Years UFA 32 Oliver Ekman-Larsson
100%
Jul. 28, 2021 G 3.8M 3 Years UFA 29 Petr Mrazek
100%
Jul. 17, 2022 RW, LW 2.25M 1 Year RFA 26 Pierre Engvall
100%
Jun. 28, 2023 C, LW 800k 2 Years EXT 24 Pontus Holmberg
100%
Jun. 4, 2021 C, LW 827.5k 2 Years ELC 22 Pontus Holmberg
100%
Sep. 29, 2022 LD 1.4M 2 Years RFA 22 Rasmus Sandin
100%
Jul. 1, 2023 RW 1.35M 3 Years UFA 36 Ryan Reaves
100%
Mar. 29, 2024 LD 1.35M 3 Years EXT 25 Simon Benoit
100%
Aug. 28, 2023 LD 775k 1 Year UFA 24 Simon Benoit
100%
June 30, 2025 C 1.35M 3 Years EXT 29 Steven Lorentz
100%
October 7, 2024 C 775k 1 Year UFA 28 Steven Lorentz
100%
June 30, 2024 RD 3M 2 Years EXT 25 Timothy Liljegren
100%
Jun. 27, 2022 RD 1.4M 2 Years EXT 23 Timothy Liljegren
100%
Oct. 9, 2020 LD/RD 5M 4 Years UFA 30 TJ Brodie
100%
Jun. 29, 2021 RW, LW 900k 2 Years EXT 32 Wayne Simmonds
100%
Oct. 9, 2020 RW, LW 1.5M 1 Year UFA 31 Wayne Simmonds
100%
Jan. 8, 2024 RW 11.5M 8 Years EXT 28 William Nylander
100%
August 21, 2024 LW, RW 775k 1 Year RFA 24 Alex Steeves
50%
Mar. 29, 2021 LW, RW 834,167 3 Years ELC 21 Alex Steeves
50%
Apr. 8, 2022 RD 838,750 2 Years ELC 22 Axel Rindell
50%
March 1, 2025 C 872.5k 3 Years ELC 20 Borya Valis
50%
March 18, 2026 LW, RW 975k 1 Year ELC 23 Brandon Buhr
50%
Jul. 31, 2021 D 750k 1 Year RFA 24 Brennan Menell
50%
Jul. 29, 2021 C, LW 750k 1 Year UFA 25 Brett Seney
50%
October 7, 2024 LD 825k 2 Years EXT 23 Cade Webber
50%
Apr. 18, 2024 LD 875k 2 Years ELC 22 Cade Webber
50%
Jul. 15, 2022 RW, C, LW 2.1M 4 Years UFA 30 Calle Jarnkrok
50%
July 2, 2024 C 775k 1 Year UFA 25 Cedric Pare
50%
July 23, 2024 C, LW 1.18M 1 Year RFA 25 Connor Dewar
50%
Feb. 9, 2023 RD 1.1M 2 Years EXT 24 Conor Timmins
50%
Mar. 22, 2022 C 837.5k 2 Years ELC 22 Curtis Douglas
50%
July 1, 2025 LD 812.5k 2 Years UFA 31 Dakota Mermis
50%
July 2, 2024 LD/RD 775k 1 Year UFA 30 Dakota Mermis
50%
Jun. 28, 2023 C 2.4M 4 Years EXT 28 David Kampf
50%
Jul. 28, 2021 C 1.5M 2 Years UFA 26 David Kampf
50%
Jul. 13, 2022 LW, RW 750k 1 Year RFA 25 Denis Malgin
50%
Oct. 2, 2020 LW, RW 700k 1 Year EXT 23 Denis Malgin
50%
Feb. 18, 2022 C, LW, RW 835k 3 Years ELC 18 Dmitry Ovchinnikov
50%
Jul. 3, 2023 C 775k 1 Year UFA 26 Dylan Gambrell
50%
May 19, 2021 G 750k 2 Years UFA 24 Erik Kallgren
50%
Apr. 1, 2020 LD 810k 3 Years ELC 20 Filip Kral
50%
Mar. 20, 2022 G 750k 1 Year UFA 31 Harri Sateri
50%
March 27, 2026 RD 1.01M 3 Years ELC 21 Hayes Hundley
50%
September 11, 2024 RD 1.47M 1 Year UFA 32 Jani Hakanpaa
50%
Oct. 11, 2020 RW, LW 900k 1 Year UFA 27 Jimmy Vesey
50%
Oct. 30, 2020 RW 750k 3 Years RFA 22 Joey Anderson
50%
March 20, 2025 LD 875k 1 Year ELC 23 John Prokop
50%
Jul. 14, 2022 LD/RD 750k 1 Year UFA 34 Jordie Benn
50%
Nov. 6, 2022 G 817.5k 2 Years ELC 23 Keith Petruzzelli
50%
May 5, 2021 C 825k 1 Year ELC 26 Kirill Semyonov
50%
Jul. 28, 2021 RW 750k 1 Year UFA 28 Kurtis Gabriel
50%
March 24, 2025 C 875k 2 Years ELC 21 Luke Haymes
50%
Feb. 17, 2022 RD 750k 1 Year EXT 23 Mac Hollowell
50%
May 22, 2022 LD 800k 2 Years EXT 38 Mark Giordano
50%
Aug. 9, 2023 G 875k 1 Year UFA 33 Martin Jones
50%
Apr. 8, 2022 RW 838,750 2 Years ELC 22 Max Ellis
50%
Jul. 1, 2023 LD 775k 1 Year UFA 25 Maxime Lajoie
50%
Oct. 30, 2020 G 725k 2 Years UFA 30 Michael Hutchinson
50%
July 15, 2025 C, RW, LW 918,333 3 Years ELC 19 Miroslav Holinka
50%
Jul. 31, 2023 LW, C 775k 2 Years RFA 24 Nick Abruzzese
50%
Mar. 26, 2022 LW, C 850k 2 Years ELC 22 Nick Abruzzese
50%
Jul. 31, 2021 LW 2.5M 2 Years UFA 25 Nick Ritchie
50%
Jul. 13, 2022 RW 1M 1 Year UFA 26 Nicolas Aube-Kubel
50%
Apr. 14, 2024 D 775k 1 Year UFA 26 Nicolas Mattinen
50%
Apr. 29, 2024 RW 875k 3 Years ELC 20 Nikita Grebyonkin
50%
Dec. 22, 2023 LD 826,111 3 Years ELC 18 Noah Chadwick
50%
Oct. 10, 2023 LW, RW 775k 1 Year UFA 24 Noah Gregor
50%
Jul. 30, 2021 RW 1.25M 1 Year UFA 25 Ondrej Kase
50%
January 3, 2025 RD 850k 2 Years EXT 27 Philippe Myers
50%
July 2, 2024 RD 775k 1 Year UFA 27 Philippe Myers
50%
Apr. 15, 2021 LW 925k 3 Years ELC 19 Rodion Amirov
50%
May 13, 2022 LW 856,667 3 Years ELC 20 Roni Hirvonen
50%
Mar. 15, 2023 RW, C 851,667 3 Years ELC 21 Ryan Tverberg
50%
Feb. 7, 2021 RW 700k 1 Year UFA 27 Scott Sabourin
50%
May 13, 2022 RD 856,667 3 Years ELC 20 Topi Niemela
50%
July 1, 2025 C 775k 1 Year UFA 31 Travis Boyd
50%
Oct. 10, 2020 C, RW 700k 1 Year UFA 26 Travis Boyd
50%
Jul. 8, 2021 LD/RD 1.5M 2 Years EXT 24 Travis Dermott
50%
Oct. 23, 2020 LD/RD 874,125 1 Year RFA 23 Travis Dermott
50%
Jul. 2, 2023 LW, RW 5.5M 1 Year UFA 28 Tyler Bertuzzi
50%
Dec. 20, 2021 LW 800,556 3 Years ELC 18 Ty Voit
50%
Jul. 14, 2022 LD/RD 750k 1 Year UFA 24 Victor Mete
50%
March 17, 2026 RD 987.5k 2 Years ELC 22 Vincent Borgesi
50%
July 1, 2025 C 775k 1 Year UFA 30 Vinni Lettieri
50%
May 15, 2023 G 851,667 3 Years ELC 20 Vyacheslav Peksa
50%
Jul. 1, 2023 LD/RD 775k 1 Year UFA 27 William Lagesson
50%
August 5, 2025 RD 775k 1 Year RFA 23 William Villeneuve
50%
Sep. 25, 2021 RD 817,778 3 Years ELC 19 William Villeneuve
50%
Oct. 9, 2022 LW, RW 840,630 1 Year UFA 27 Zach-Aston Reese
50%
Oct. 10, 2020 RD 1M 1 Year UFA 29 Zach Bogosian
50%
Oct. 13, 2020 G 800k 1 Year UFA 31 Aaron Dell
0%
Jul. 13, 2022 C, RW 750k 1 Year UFA 25 Adam Gaudette
0%
Apr. 7, 2020 RW, LW 925k 1 Year ELC 26 Alexander Barabanov
0%
Jul. 28, 2021 RD 750k 1 Year UFA 33 Alex Biega
0%
Oct. 2, 2021 C 800,556 3 Years ELC 18 Braeden Kressler
0%
Mar. 9, 2022 LD 750k 1 Year EXT 27 Carl Dahlstrom
0%
Jul. 28, 2021 LD 750k 1 Year UFA 26 Carl Dahlstrom
0%
Oct. 20, 2020 LW, RW 1.645M 2 Years RFA 25 Ilya Mikheyev
0%
Aug. 4, 2021 RD 750k 1 Year RFA 23 Joseph Duszak
0%
Apr. 1, 2020 LD 785k 2 Years ELC 22 Kristians Rubins
0%
Mar. 9, 2022 LW 762.5k 2 Years EXT 31 Kyle Clifford
0%
Jul. 28, 2021 RW, LW 750k 1 Year UFA 25 Michael Amadio
0%
Jul. 28, 2021 LW 950k 2 Years UFA 25 Michael Bunting
0%
Mar. 10, 2020 C 809,444 3 Years ELC 19 Mikhail Abramov
0%
Mar. 30, 2022 LD 846,667 3 Years ELC 21 Mikko Kokkonen
0%
May 4, 2020 LD 925k 1 Year ELC 26 Mikko Lehtonen
0%
Jul. 29, 2021 RW 834,167 3 Years ELC 21 Pavel Gogolev
0%
Jul. 18, 2020 LD 725k 2 Years EXT 25 Teemu Kivihalme
0%
No matching quizzes found
Score Distribution
Percent of People with Each Score
Percentile by Number Answered
Your Score History
You have not taken this quiz since the last reset